| 000 | 01234nam a2200241Ia 4500 | ||
|---|---|---|---|
| 999 |
_c41537 _d41537 |
||
| 001 | 8204 | ||
| 003 | GE_BSU | ||
| 005 | 20240216172937.0 | ||
| 008 | 181216s2013ge xx |||||||||||||| ||geo|| | ||
| 020 | _a9789941434365. | ||
| 040 | _cGE_BSU | ||
| 041 | _ageo | ||
| 080 | _a512(075.8)+511.2 დ-43 | ||
| 100 |
_aდიასამიძე, იაშა. _94093 |
||
| 245 |
_aალგებრა და რიცხვთა თეორია ნაწ. 2 : _bმათემატიკის სპეციალობის სტუდენტებისათვის / _cიაშა დიასამიძე ; რედ. : ალექსანდერე ლაშხი, ვლადიმერ ბალაძე. |
||
| 264 |
_aბათუმი : _bშოთა რუსთაველის სახელმწ.უნ-ტის გამ-ბა, _c2013. |
||
| 300 |
_a388 გვ.: _b21 სმ. |
||
| 653 | _aალგებრა | ||
| 653 | _aრიცხვთა თეორია | ||
| 700 |
_a ლაშხი, ალექსანდერე _eრედაქტორი _915072 |
||
| 700 |
_aბალაძე, ვლადიმერ _eრედაქტორი _94118 |
||
| 942 |
_cBK _2udc |
||